000
00253nam a22001097a 4500
082
_a
621.42 JON'F
100
_a
JONES, G. J
_9
80658
245
_a
FUNDAMENTALS OF WORKSHOP TECHNOLOGY
260
_a
LONDON
_b
HEINEMANN
_c
1965
300
_a
252P
942
_c
BK
999
_c
585555
_d
585555